| 000 | 00566nam a22002177a 4500 | ||
|---|---|---|---|
| 999 |
_c7753 _d7753 |
||
| 001 | 7753 | ||
| 003 | BD-JhCC | ||
| 005 | 20180213164619.0 | ||
| 008 | 180213s1964 bg ao||| |||| 00| 0 eng d | ||
| 035 | _a(BD-JhCC)7753 | ||
| 040 |
_aBD-JhCC _dBD-JhCC |
||
| 041 | _aeng | ||
| 082 |
_a597 _bBHU 1964 |
||
| 100 | _aBhuiyan, Abdul Latif | ||
| 245 |
_aFishes Of Dacca / _cAbdul Latif Bhuiyan |
||
| 260 |
_aDhaka : _bAsiatic Society Of Pakistan, _c1964. |
||
| 300 |
_a148 p. : _bill.; _c22 cm. |
||
| 504 | _aIncludes Bibliography | ||
| 650 | _aFisheries | ||
| 942 |
_2ddc _cBK |
||